000 00368nam a2200145Ia 4500
008 230917s9999||||xx |||||||||||||| ||und||
040 _e200939
_aMAIN
041 _aEnglish
082 _a320.509 C395H
100 _aChaurasia, R S
245 0 _aHistory of political thought
260 _aNew Delhi
_bAtlantic Publishers
_c2011
300 _aiv, 194 p.
942 _cBK
999 _c170952
_d170952